Parnaso lusitano ou poesias selectas dos auctores portuguezes antigos e modernos, illustradas com notas, precedido de una historia abreviada da lingua e poesia portugueza. (Record no. 161451)

MARC details
000 -LEADER
campo de control de longitud fija 00742nam a22001575i 4500
001 - NÚMERO DE CONTROL
campo de control 161451
003 - IDENTIFICADOR DE NÚMERO DE CONTROL
campo de control ES-MaACL
005 - FECHA Y HORA DE LA ÚLTIMA TRANSACCIÓN
campo de control 20230906212303.0
008 - DATOS DE LONGITUD FIJA--INFORMACIÓN GENERAL
campo de control de longitud fija 041020m18261827fr |||| | por d
040 ## - FUENTE DE CATALOGACIÓN
Centro catalogador/agencia de origen CAM
Lengua de catalogación spa
Centro/agencia transcriptor CAM
245 00 - MENCIÓN DEL TÍTULO
Título Parnaso lusitano ou poesias selectas dos auctores portuguezes antigos e modernos, illustradas com notas, precedido de una historia abreviada da lingua e poesia portugueza.
260 ## - PUBLICACIÓN, DISTRIBUCIÓN, ETC.
Lugar de publicación, distribución, etc. Paris :
Nombre del editor, distribuidor, etc. Em casa de J. P. Aillaud,
Fecha de publicación, distribución, etc. 1826-1827 (
Fabricante Imprimerie de Rignoux)
300 ## - DESCRIPCIÓN FÍSICA
Extensión 5 v. (CXXXIV, 280; 460; 467; 447; 456) ;
Dimensiones 12 cm.
505 8# - NOTA DE CONTENIDO CON FORMATO
Nota de contenido con formato T.I: Epicos. T.II: Descriptivos, didacticos, philosophicos. T.III: Epigrammaticos. T.IV: Lyricos. T.V: Epistolares
852 ## - LOCALIZACIÓN
Ubicación ES-MaACL
Número de control de estantería G-15108-15112
Nota libre -- Enc. pasta
Holdings
Estatus retirado Estado de pérdida Estado de daño No para préstamo Colección Biblioteca de origen Biblioteca actual Ubicación en estantería Fecha de adquisición Fuente de adquisición Total de préstamos Signatura topográfica completa Código de barras Visto por última vez Precio de reemplazo Tipo de ítem Koha
        Libros del s. XIX Biblioteca del Ateneo de Madrid Biblioteca del Ateneo de Madrid Sala Pecera Planta 3 17/01/2008     G-15108-15112 1169115 23/02/2023 23/02/2023 Libro impreso antiguo